000
00302nam a22001217a 4500
003
OSt
008
250128b |||||||| |||| 00| 0 eng d
041
_a
eng
100
_a
Subramanya, K
_9
149
245
_a
Water Resource Engineering
260
_a
New Delhi:
_b
McGraw Hill Book Co Ltd,
_c
1990.
942
_c
BK
999
_c
19174
_d
19174